00729nam a2200217Ia 4500008004100000020001500041082002600056100003900082245006300121260001400184260001500198260000900213300001000222500004300232650001500275650002900290650001900319942001500338999001700353952014100370260312s9999 xx 000 0 und d a8838790248 a342.83 D383c 1990 HNA aRinaldi, Alfonsina et al.935387 0aDemocrazia e costituzionalismo alla prova: Il caso cileno. aMaggioli  bSan Marino c1990 a447p. aColección Humberto Nogueira Alcalá aChile9121 aConstitucionalismo92301 aDemocracia916 2ddccLIBRO c20201d20201 00102ddc40708CGaBCbBCd2026-03-30eDonación Humberto Nogueiral0o342.83 D383c 1990 HNAp27236r2026-03-30t1w2026-03-30yLIBRO